Tabla de contenidos: volumen 20, número 1, 1994
Guardado en:
| Formato: | Texto |
|---|---|
| Lenguaje: | Spanish |
| Etiquetas: |
Agregar Etiqueta
Sin Etiquetas, Sea el primero en etiquetar este registro!
|
MARC
| LEADER | 00000 a a2200000 04500 | ||
|---|---|---|---|
| 003 | cru IIS | ||
| 005 | 20210714153758.0 | ||
| 008 | 210714b |||||||| |||| 00| 0 spa d | ||
| 040 | |c cru IIS | ||
| 245 | |a Tabla de contenidos: |b volumen 20, número 1, 1994 | ||
| 505 | |a Contenido: 1.Política macroeconómica en Centroamérica en los años noventa / Juan Manuel Villsuso. -- 2.Guatemala y el anhelo de modernización: Estrada Cabrera y el desarrollo del Estado, 1898-1920 / Todd Little Siebold. -- 3.Clima, suelo, bosque y sus interrelaciones en la percepción de los talamanqueños. Costa Rica / Guillermo Carvajal Alvarado. -- 4.La desigualdad en la tenencia de la tierra: una comparación de los datos de los censos y de los registros de propiedad en el sur de Costa Rica en el siglo XX /Marc Edelman, Mitchell A. Seligson. -- 5.Campesinos y el desarrollo forestal: el caso de la Región Chorotega en Costa Rica (1975-1992) / Kirk Gregersen. -- 6.Trabajo productivo de la mujer y cambio en los roles familiares. El caso de Costa Rica /Patricia Vega R. -- 7.Espías visibles, sorpresas esperadas y tiros sin puntería. El golpe de Guardia de 1870 / Iván Molina Jiménez | ||
| 773 | 0 | |0 18765 |9 5833 |a Universidad de Costa Rica. |d San José, Costa Rica: Editorial Universidad de Costa Rica, 1974- |o 21390 |t Anuario de Estudios Centroamericanos / |x 03777316 | |
| 942 | |2 ddc |c PP | ||
| 999 | |c 43766 |d 43766 | ||
